[Event "Cto. Navarra por Equipos - Primera A"]
[Site "?"]
[Date "2017.10.14"]
[Round "1"]
[White "Arbeloa Sanchez, Julen"]
[Black "Abrisqueta Zudaire, Leyre"]
[Result "0-1"]
[WhiteElo "1323"]
[BlackElo "1621"]

1.e4 c5 2.Nf3 a6 3.g3 g6 4.Bg2 Bg7 5.O-O d6 6.d3 Nc6 7.Re1 Bg4 8.Nc3 Nf6 9.Be3
O-O 10.Qd2 Rb8 11.Rab1 b5 12.b3 b4 13.Na4 Qd7 14.Rec1 a5 15.Re1 Rfe8 16.Rec1 Bh3
17.Qe2 Bxg2 18.Kxg2 Ng4 19.Re1 h5 20.Qd2 Nxe3 21.Qxe3 Rec8 22.Re2 Qg4 23.Ree1
Bf6 24.Qd2 Kg7 25.Qe3 Rh8 26.h3 Qd7 27.Nb2 Bc3 28.Red1 Bd4 29.Qe2 d5 30.Re1 Rhd8
31.Na4 Qd6 32.Qd2 Rd7 33.Re2 dxe4 34.Rxe4 f5 35.Re2 Qd5 36.Rbe1 Bf6 37.Re3 Nd4
38.Qd1 Bg5 39.Re5 Qc6 40.Nxc5 Rd6 41.Na4 Bf6 42.Rc5 Qa8 43.Rc7 g5 44.Re3 g4
45.Kf1 Nxf3 46.hxg4 hxg4 47.Qc1 Ne5 48.Kg1 Rh8 0-1

[Event "Cto. Navarra por Equipos - Primera A"]
[Site "?"]
[Date "2017.10.14"]
[Round "1"]
[White "Azcona Esteras, Fermin"]
[Black "Lopez Garcia, Manu"]
[Result "1-0"]
[WhiteElo "1598"]
[BlackElo "1078"]

1.d4 d6 2.Bf4 Nf6 3.e3 g6 4.Nf3 Bg7 5.Bd3 O-O 6.O-O Bg4 7.Nbd2 Re8 8.Be2 h6 9.h3
Bxf3 10.Nxf3 Nbd7 11.c3 Nh5 12.Bh2 f5 13.Nh4 Nhf6 14.Nxg6 Nh7 15.Qc2 e6 16.Nf4
e5 17.Bc4 Re6 18.Bxe6 Kf8 19.Qxf5 Bf6 20.Qxh7 Bg7 21.Qg8 Ke7 22.Nd5 1-0

[Event "Cto. Navarra por Equipos - Primera B"]
[Site "?"]
[Date "2017.10.14"]
[Round "1"]
[White "Goni Osacar, Maria"]
[Black "Pedchenko, Osacar"]
[Result "1-0"]
[WhiteElo "1831"]
[BlackElo "1469"]

1.e4 e5 2.Nf3 Nc6 3.Bb5 Nge7 4.O-O d6 5.c3 Bd7 6.d4 a6 7.Ba4 b5 8.Bb3 Bg4 9.Bxf7
Kxf7 10.Ng5 Kg8 11.Qxg4 Qc8 12.Qf3 Qe8 13.Ne6 Rc8 14.d5 Nd8 15.Qxf8 Qxf8 16.Nxf8
Kxf8 17.f4 Ke8 18.fxe5 dxe5 19.Be3 Nf7 20.Bc5 Nd6 21.Nd2 Rf8 22.Rae1 Kd7 23.Nf3
Ng6 24.b3 Rf4 25.Nxe5 Nxe5 26.Rxf4 Nd3 27.Bxd6 Nxe1 28.Be5 Nd3 29.Rf7 Ke8
30.Rxc7 Rxc7 31.Bxc7 Nc1 32.Kf2 Nxa2 33.Be5 b4 34.cxb4 Nxb4 35.Bxg7 Nd3 36.Ke3
Nc1 37.e5 Nxb3 38.Kd3 Kf7 39.Bh6 Na5 40.Kd4 Nb7 41.Bf4 Kg6 42.g4 Kf7 43.e6 Ke7
44.Bc7 Kf6 45.g5 Ke7 46.Ke5 a5 47.d6 Ke8 48.Kf6 a4 49.d7 Kf8 50.e7 1-0

[Event "Cto. Navarra por Equipos - Primera B"]
[Site "?"]
[Date "2017.10.14"]
[Round "1"]
[White "Onila, Vladimir"]
[Black "Alfonso Abrego, Santiago"]
[Result "0-1"]
[WhiteElo "1368"]
[BlackElo "1819"]

1.e4 e6 2.Nf3 d5 3.e5 c5 4.d4 Nc6 5.Bb5 Bd7 6.c3 Nxe5 7.Nxe5 Bxb5 8.Na3 Bc6
9.Qf3 Qf6 10.Qxf6 Nxf6 11.Nxc6 bxc6 12.Be3 Rb8 13.Rb1 cxd4 14.Bxd4 Bxa3 15.Bxa7
Rxb2 16.Rxb2 Bxb2 17.O-O Bxc3 18.Rc1 d4 19.Bc5 Kd7 20.Rd1 e5 21.f4 exf4 22.Bxd4
Bxd4 23.Rxd4 Nd5 24.Kf2 Ra8 25.g4 Rxa2 26.Kg1 Kd6 27.h4 f3 28.Rd3 f2 29.Kf1 Ke5
30.Rf3 Ke4 31.Rxf7 Ne3 0-1

[Event "Cto. Navarra por Equipos - Primera B"]
[Site "?"]
[Date "2017.10.14"]
[Round "1"]
[White "Sempere Gomis, Andres Valentin"]
[Black "Irujo Compains, Oier"]
[Result "1-0"]
[WhiteElo "1762"]
[BlackElo "1254"]

1.d4 c6 2.Nf3 d5 3.Nbd2 Bf5 4.c4 e6 5.a3 b6 6.e3 Bd6 7.Be2 Nd7 8.b4 c5 9.dxc5
bxc5 10.Bb2 Ngf6 11.bxc5 Nxc5 12.O-O O-O 13.Ne5 Qc7 14.Ndf3 Bg4 15.cxd5 Bxf3
16.Nxf3 exd5 17.Bxf6 gxf6 18.Qxd5 Na4 19.Qh5 Qc2 20.Nh4 Nc3 21.Bg4 Ne4 22.Bf5
1-0

[Event "Cto. Navarra por Equipos - Primera B"]
[Site "?"]
[Date "2017.10.14"]
[Round "1"]
[White "Miranda Urrizola, Ruben"]
[Black "Lasa Garcia, Javier"]
[Result "0-1"]
[WhiteElo "1034"]
[BlackElo "1708"]

1.d4 d5 2.Nf3 e6 3.Bf4 Nf6 4.h3 Bd6 5.Bxd6 Qxd6 6.e3 Qb4 7.Nbd2 Qxb2 8.Qb1 Qxb1
9.Rxb1 O-O 10.Bd3 Nbd7 11.O-O b6 12.Rb2 c5 13.c3 c4 14.Bc2 Rb8 15.Rfb1 Bb7 16.a4
Bc6 17.Ra2 a6 18.Rb4 Rfc8 19.Ne5 Nxe5 20.dxe5 Nd7 21.f4 g6 22.Nf3 Rc7 23.Nd4 Kg7
24.Nxc6 Rxc6 25.g4 Rbc8 26.Kg2 Nc5 27.Kf2 Rb8 28.Kf3 b5 29.g5 Nd3 30.Rb1 Rc5
31.Ke2 b4 0-1

[Event "Cto. Navarra por Equipos - Primera B"]
[Site "?"]
[Date "2017.10.14"]
[Round "1"]
[White "Ochoa Aldaz, Mikel"]
[Black "Esparza Martinez, Javier Ignacio"]
[Result "1/2-1/2"]
[WhiteElo "1740"]
[BlackElo "1957"]

1.e4 e6 2.d4 d5 3.exd5 exd5 4.c4 Nf6 5.Nc3 Be7 6.Nf3 O-O 7.cxd5 Nxd5 8.Bd3 Bg4
9.h3 Bh5 10.Bxh7 Kxh7 11.Ng5 Bxg5 12.Qxh5 Kg8 13.Bxg5 Qe8 14.Qe2 Nxc3 15.bxc3
Qc6 16.O-O Qxc3 17.Rac1 Qa5 18.Rc5 Qb6 19.Qc2 Na6 20.Rc4 Nb4 21.Qf5 Qd6 22.Rb1
Nd5 23.Rxb7 Rfb8 24.Rxb8 Rxb8 25.Rc5 c6 26.Bh4 Nf4 27.Bg3 Ne2 28.Kh2 Nxg3
29.fxg3 Qxd4 30.Rxc6 Qa4 31.Rc8 Rxc8 32.Qxc8 Kh7 33.Qf5 Kg8 34.Qb1 g6 35.g4 Qf4
36.Kg1 Qd4 37.Kf1 Kg7 38.Qb3 Qa1 39.Ke2 Qe5 40.Kf3 Qd4 41.a4 Qf6 42.Ke2 Qe5
43.Qe3 Qb2 44.Kf3 Qb7 45.Qe4 Qb2 46.g5 Qc3 47.Kf4 Qc1 48.Kg4 Qc8 49.Kg3 Qb8
50.Qf4 Qb3 51.Kh2 Qc3 52.h4 Qb2 53.Qc4 Qe5 54.Kh3 Qf5 55.Kg3 Qe5 56.Qf4 Qc3
57.Qf3 Qe5 58.Kh3 Qe6 59.g4 Qe5 60.Qb3 Qa1 61.Kg2 Qd4 62.Kf3 Qa1 63.Qc2 Qh1
64.Kg3 Qg1 65.Kf4 Qf1 66.Kg3 Qg1 67.Kf4 Qf1 68.Kg3 1/2-1/2

[Event "Cto. Navarra por Equipos - Primera B"]
[Site "?"]
[Date "2017.10.14"]
[Round "1"]
[White "Apesteguia Domaica, Jose Antonio"]
[Black "Blanco Sisniega, Jonas"]
[Result "1-0"]
[WhiteElo "1850"]
[BlackElo "1796"]

1.d4 d5 2.c4 c6 3.Nc3 Nf6 4.Nf3 e6 5.Bg5 Be7 6.e3 Nbd7 7.Bd3 dxc4 8.Bxc4 b5
9.Bd3 Bb7 10.O-O Rc8 11.Qe2 a6 12.Rfd1 O-O 13.Ne5 Nd5 14.Nxd5 cxd5 15.Nxd7 Qxd7
16.Bxe7 Qxe7 17.Rac1 g6 18.a3 Rc7 19.b4 e5 20.Rc5 e4 21.Bb1 Rxc5 22.dxc5 Qg5
23.Ba2 h5 24.f4 exf3 25.Qxf3 Re8 26.Bxd5 Bxd5 27.Rxd5 Qxe3 28.Qxe3 Rxe3 29.c6
Re7 30.Rd7 Kf8 31.c7 1-0

[Event "Cto. Navarra por Equipos - Primera B"]
[Site "?"]
[Date "2017.10.14"]
[Round "1"]
[White "Sancinena Arpide, Juan"]
[Black "Garcia Mina, Daniel"]
[Result "0-1"]
[WhiteElo "1709"]
[BlackElo "1735"]

1.e4 e6 2.d4 d5 3.Nc3 Bb4 4.e5 c5 5.a3 Bxc3 6.bxc3 c4 7.Qg4 g6 8.Nf3 Qa5 9.Bd2
Qa4 10.Be2 Qxc2 11.O-O Nc6 12.Rfc1 Qa4 13.Ng5 Nh6 14.Qf4 Nf5 15.g4 Nce7 16.gxf5
Nxf5 17.Bd1 Qc6 18.Bc2 h6 19.Nf3 g5 20.Qg4 Bd7 21.Bxf5 exf5 22.Qg2 O-O-O 23.Rab1
Qe6 24.Ne1 Rhg8 25.Nc2 Rg6 26.Rb2 Bc6 27.Nb4 f6 28.Nxc6 Qxc6 29.Rcb1 Rd7 30.Re1
Re7 31.exf6 Rxe1 32.Bxe1 Rxf6 33.Re2 Re6 34.Rxe6 Qxe6 35.Kf1 Kd7 36.Qf3 Kc6
37.Qe2 Qd6 38.Kg1 f4 39.Qe8 Kc7 40.Qa4 a6 41.Qb4 Qe6 42.Qc5 Kb8 43.Kf1 Qh3
44.Kg1 Qg4 45.Kf1 Qh3 46.Kg1 Qg4 47.Kf1 Qh3 48.Ke2 Qd3 0-1

[Event "Cto. Navarra por Equipos - Primera B"]
[Site "?"]
[Date "2017.10.14"]
[Round "1"]
[White "Oyaga Valencia, Jesus Maria"]
[Black "Ruiz Anton, Adolfo"]
[Result "1-0"]
[WhiteElo "1638"]
[BlackElo "1622"]

1.e4 d5 2.exd5 Qxd5 3.Nc3 Qd8 4.Nf3 Nf6 5.d4 e6 6.Bg5 Be7 7.Bd3 O-O 8.O-O b6
9.Ne2 Ba6 10.c3 Bxd3 11.Qxd3 Nbd7 12.Rad1 Nd5 13.Bxe7 Qxe7 14.Ng3 Rad8 15.Rfe1
c5 16.Qe4 N7f6 17.Qh4 c4 18.Ne5 Qc7 19.Ne4 Nxe4 20.Qxe4 b5 21.a3 Rc8 22.Qf3 Qe7
23.Ng4 a5 24.Qxd5 b4 25.Qxa5 bxa3 26.Qxa3 Qg5 27.Ne5 Ra8 28.Qd6 Rfd8 29.Qc7 Qf4
30.Qxc4 Rdc8 31.Qd3 h5 32.Qf3 Qh4 33.Qxf7 1-0

[Event "Cto. Navarra por Equipos - Primera B"]
[Site "?"]
[Date "2017.10.14"]
[Round "1"]
[White "Rebole Arbea, Pedro Maria"]
[Black "Iza Olivan, Ruben"]
[Result "1-0"]
[WhiteElo "1634"]
[BlackElo "1582"]

1.e4 c5 2.c3 e5 3.Nf3 Nc6 4.Bb5 Qc7 5.O-O Nf6 6.Re1 a6 7.Bxc6 bxc6 8.d4 cxd4
9.cxd4 d6 10.h3 h6 11.Nbd2 Be6 12.dxe5 dxe5 13.b3 Bb4 14.Qc2 O-O 15.Bb2 Nd7
16.Rac1 Rfc8 17.Red1 Be7 18.Nc4 f6 19.Nh4 Kf7 20.Nf5 Bxf5 21.exf5 Nb6 22.Nxb6
Qxb6 23.Qc4 Kf8 24.Rd7 c5 25.Rcd1 Ke8 26.Qg8 Bf8 27.Qf7 1-0

[Event "Cto. Navarra por Equipos - Primera B"]
[Site "?"]
[Date "2017.10.14"]
[Round "1"]
[White "Velaz Ballesteros, Inigo"]
[Black "Garraza Obaldia, Esteban"]
[Result "0-1"]
[WhiteElo "1253"]
[BlackElo "1508"]

1.Nf3 c5 2.d4 cxd4 3.Nxd4 Nf6 4.c3 d5 5.Qd3 e6 6.Bf4 a6 7.Be5 Nbd7 8.Bg3 Nc5
9.Qf3 Be7 10.Be5 O-O 11.Nd2 Nfe4 12.Nxe4 Nxe4 13.Qg4 Bf6 14.Nf3 Qb6 15.Bd4 Bxd4
16.Nxd4 Qxb2 17.Nb3 Qxc3 0-1

[Event "Cto. Navarra por Equipos - Primera B"]
[Site "?"]
[Date "2017.10.14"]
[Round "1"]
[White "Arriazu Dominguez, Ivan"]
[Black "Perez Esteban, Aitor"]
[Result "1-0"]
[WhiteElo "1839"]
[BlackElo "1161"]

1.c4 e6 2.g3 Bc5 3.Bg2 d5 4.Nf3 b6 5.O-O Bb7 6.a3 a5 7.Nc3 Nd7 8.cxd5 exd5 9.d4
Ngf6 10.dxc5 bxc5 11.Bg5 h6 12.Bf4 Nb8 13.Nb5 O-O 14.Bxc7 Qc8 15.Bd6 Rd8 16.Be7
Re8 17.Bxf6 gxf6 18.Nd6 Qd7 19.Nxe8 Qxe8 20.Qd2 Nc6 21.Qxh6 Ne5 22.Qxf6 Ng4
23.Qg5 Kf8 24.Qxg4 Bc8 25.Qg5 Ba6 26.Nh4 Bc8 27.Qf6 Kg8 28.Ng6 fxg6 29.Bxd5 Kh7
30.Bxa8 Bf5 31.Rfd1 Qxa8 32.Rd8 Qb7 33.Rh8 1-0

[Event "Cto. Navarra por Equipos - Primera B"]
[Site "?"]
[Date "2017.10.14"]
[Round "1"]
[White "Ayucar Nunez, Asier"]
[Black "Carcavilla Ledesma, Jose Angel"]
[Result "0-1"]
[WhiteElo "1183"]
[BlackElo "1787"]

1.e4 e5 2.Bc4 Nf6 3.Nc3 Nxe4 4.Qe2 Nxc3 5.Qf3 Qe7 6.Qxc3 c6 7.d3 d5 8.Bb3 e4
9.dxe4 Qxe4 10.Qe3 Qxe3 11.Bxe3 Bd6 12.Nf3 O-O 13.O-O Bf5 14.Nh4 Bd7 15.Rfd1 Be7
16.Nf3 Bg4 17.Rd4 Bxf3 18.gxf3 Bf6 19.Rg4 Bxb2 20.Rb1 Be5 21.Rg5 Bf6 22.Rg4 Nd7
23.Bd4 Bxd4 24.Rxd4 Nc5 25.Rh4 Nxb3 26.Rxb3 b5 27.f4 Rfe8 28.Kf1 Re4 29.Rbh3 h6
30.Rg3 Kf8 31.Rc3 Rc4 32.Rxc4 bxc4 33.Rh5 f6 34.Rh3 Rb8 35.Re3 Kf7 36.Ra3 Rb7
37.f5 Ke7 38.Re3 Kd6 39.Re6 Kc5 40.c3 a5 41.a4 Rb3 42.Re7 Rxc3 43.Rxg7 Rf3
44.Rg6 Rxf5 45.Rxh6 d4 46.Rh7 d3 47.Rd7 Kb4 48.Rd4 Kc3 49.Re4 d2 50.Ke2 Rxf2
51.Kxf2 d1=Q 52.Re3 Kb4 53.Re1 Qxa4 54.h4 Qc2 55.Re2 Qf5 56.Ke1 c3 57.h5 Qb1
58.Kf2 c2 59.Re1 Qxe1 60.Kxe1 c1=Q 61.Ke2 a4 62.h6 Qxh6 63.Kf3 a3 64.Ke4 a2
65.Kf5 a1=Q 66.Ke6 Qe5 67.Kd7 Qg7 68.Kd8 Qec7 69.Ke8 Qge7 0-1

[Event "Cto. Navarra por Equipos - Primera B"]
[Site "?"]
[Date "2017.10.14"]
[Round "1"]
[White "Andres Iniguez, Iker"]
[Black "Ayucar Nunez, Inigo"]
[Result "0-1"]
[WhiteElo "1661"]
[BlackElo "1068"]

1.d4 d5 2.c4 c6 3.Nc3 e6 4.cxd5 cxd5 5.Bf4 Nc6 6.Nf3 Nf6 7.Qc2 Bd6 8.Bg3 Bxg3
9.hxg3 Qb6 10.e3 Bd7 11.a3 Na5 12.Nd2 Rc8 13.b4 Nc4 14.Nxc4 dxc4 15.Rc1 Qa6
16.Nb1 Ba4 17.Qc3 Ne4 18.Qb2 b5 19.d5 Nf6 20.Nc3 Bb3 21.e4 O-O 22.Qb1 g6 23.Qb2
exd5 24.exd5 Rfe8 25.Be2 Rcd8 26.Nxb5 Nxd5 27.Nc3 Nxc3 28.Qxc3 Rd3 29.Qb2 Qd6
30.Kf1 Rd2 31.Qa1 Rexe2 32.Rh2 Rxf2 33.Kg1 Qxg3 0-1

[Event "Cto. Navarra por Equipos - Primera B"]
[Site "?"]
[Date "2017.10.14"]
[Round "1"]
[White "Legasa Martin, Aitor"]
[Black "Romano Garcia, Ivan"]
[Result "0-1"]
[WhiteElo "1014"]
[BlackElo "1418"]

1.e4 c6 2.d4 d5 3.Nc3 dxe4 4.Nxe4 Bf5 5.Nc3 e6 6.Bd2 Qxd4 7.Nf3 Qb6 8.Na4 Qc7
9.Nc3 Nf6 10.Bd3 Bxd3 11.cxd3 Bd6 12.Bg5 Nbd7 13.Be3 O-O 14.Qd2 Ne5 15.Nxe5 Bxe5
16.Ne2 Rfd8 17.Rb1 Rd7 18.d4 c5 19.Rc1 Rad8 20.Rxc5 Qxc5 21.dxc5 Rxd2 22.Bxd2
Bxb2 23.Nc3 Ba3 24.Be3 Bb4 25.Bd2 Bxc5 26.Bf4 Bb4 27.Bd2 Rd3 28.Nb1 Ne4 29.Ke2
Rd4 30.Rd1 Nxd2 31.Nxd2 Bxd2 32.Rxd2 Rxd2 33.Kxd2 Kf8 34.Kd3 Ke7 35.Kd4 Kd6
36.a4 b6 37.f4 a6 38.Kc4 e5 39.fxe5 Kxe5 40.Kd3 b5 41.axb5 axb5 42.g3 g5 43.h3
f5 44.Kc3 Ke4 45.Kd2 Kf3 46.g4 fxg4 47.hxg4 Kxg4 48.Ke3 h5 49.Kf2 b4 50.Ke2 h4
51.Kf2 b3 52.Ke2 b2 53.Ke3 b1=Q 54.Ke2 Qb3 55.Kd2 Kf4 56.Ke2 Qc2 57.Ke1 Kf3 0-1

[Event "Cto. Navarra por Equipos - Primera A"]
[Site "?"]
[Date "2017.10.21"]
[Round "2"]
[White "Insausti Goni, Sebastian"]
[Black "Lizuain Toni, Javier"]
[Result "0-1"]
[WhiteElo "1844"]
[BlackElo "1834"]

1.e4 e5 2.Nf3 Nc6 3.Bc4 Nf6 4.Ng5 d5 5.exd5 Na5 6.Bb5 c6 7.dxc6 bxc6 8.Qf3 Bd7
9.Ba4 h6 10.Ne4 Nd5 11.Nbc3 Nb6 12.O-O Be7 13.d3 Qc7 14.Qg3 O-O-O 15.f4 f5
16.Nd2 exf4 17.Qxf4 Bd6 18.Qf2 Bxh2 19.Kh1 Bg3 20.Qf3 h5 21.Nb3 Nxb3 22.Bxb3 h4
23.Bf4 Bxf4 24.Qxf4 Qb7 25.Rf3 Rh5 26.Raf1 g5 27.Qd6 g4 28.Rf4 h3 29.g3 c5
30.Nd5 Bc6 31.Qe6 Kb8 32.c4 Nxd5 33.cxd5 Bxd5 34.Bxd5 Rxd5 35.Kh2 Rh8 36.Rxf5
Rxf5 37.Qxf5 Qg2 0-1

[Event "Cto. Navarra por Equipos - Primera A"]
[Site "?"]
[Date "2017.10.21"]
[Round "2"]
[White "Blanco de la Rosa, Diego"]
[Black "Flores Lazcoz, Jose Luis"]
[Result "1-0"]
[WhiteElo "1769"]
[BlackElo "1765"]

1.e4 c6 2.d4 d5 3.e5 Bf5 4.h4 h5 5.Nc3 e6 6.Nge2 c5 7.Be3 cxd4 8.Nxd4 Bg6 9.Bd3
Ne7 10.Ncb5 Nf5 11.Nxf5 Bxf5 12.Bxf5 exf5 13.Qxd5 Qxd5 14.Nc7 Kd8 15.Nxd5 Nd7
16.O-O-O Kc8 17.Bf4 Bc5 18.Nc7 Rb8 19.e6 fxe6 20.Nxe6 1-0

[Event "Cto. Navarra por Equipos - Primera A"]
[Site "?"]
[Date "2017.10.21"]
[Round "2"]
[White "Otano Villanueva, Joseba"]
[Black "Tunon Gonzalo, Eduardo"]
[Result "1-0"]
[WhiteElo "1676"]
[BlackElo "1637"]

1.d4 e6 2.g3 d5 3.Bg2 c5 4.Nf3 Nc6 5.O-O Nf6 6.Nc3 Be7 7.Re1 O-O 8.a3 Rb8 9.Bf4
Bd6 10.dxc5 Bxf4 11.gxf4 b6 12.cxb6 Rxb6 13.Na4 Rb5 14.Nd4 Nxd4 15.Qxd4 Qc7
16.Rac1 Ra5 17.Nc3 Rc5 18.e3 Ba6 19.Qa4 Ra5 20.Qd4 Rc5 21.f3 Bc4 22.Kf2 Re8
23.Rg1 e5 24.fxe5 Rxe5 25.Bh3 g6 26.Qh4 Qd6 27.Rg5 Rxg5 28.Qxg5 d4 29.Qg3 Qxg3
30.hxg3 dxc3 31.b3 Ba6 32.e4 Rc7 33.Rd1 Kg7 34.Ke3 g5 35.Rd6 Bb7 36.Bf1 h5
37.Bc4 g4 38.e5 Nd7 39.f4 Nb6 40.Bd3 Nc8 41.Rf6 Ne7 42.Rd6 Bd5 43.f5 Nc8 44.Rxd5
Kh6 45.Kf4 Re7 46.Rd8 Rc7 47.f6 1-0

[Event "Cto. Navarra por Equipos - Primera A"]
[Site "?"]
[Date "2017.10.21"]
[Round "2"]
[White "Ruiz Echeverria, Unai"]
[Black "Egozcue Sghir, Aritz"]
[Result "1-0"]
[WhiteElo "1453"]
[BlackElo "1408"]

1.e4 d5 2.exd5 Qxd5 3.Nc3 Qa5 4.Nf3 Nf6 5.d4 Ne4 6.Bd2 Nxd2 7.Qxd2 Bf5 8.Bc4 h6
9.Nd5 Qxd2 10.Kxd2 Kd8 11.Ne5 Be6 12.Nb6 Bxc4 13.Nxa8 Be6 14.c4 c6 15.f4 Kc8
16.Rac1 f6 17.Ng6 Rg8 18.Rhe1 Kd7 19.Re3 Bf5 20.Nxf8 Rxf8 21.Rce1 e6 22.g4 Bxg4
23.Rg1 f5 24.h3 Bh5 25.Rxg7 Rf7 26.Rxf7 Bxf7 27.Ra3 Na6 28.Rg3 Kc8 29.Rg7 Be8
30.Re7 Bd7 31.Rh7 Kb8 32.Rxd7 Kxa8 33.Rd6 Kb8 34.Rxe6 Nb4 35.a3 Na6 36.Rxh6 Kc7
37.Rf6 1-0

[Event "Cto. Navarra por Equipos - Primera A"]
[Site "?"]
[Date "2017.10.21"]
[Round "2"]
[White "Dorregarai Iparaguirre, Leire"]
[Black "Torres Calvo, Mauricio"]
[Result "0-1"]
[WhiteElo "1631"]
[BlackElo "1806"]

1.e4 c5 2.d3 g6 3.Nf3 Bg7 4.g3 Nc6 5.Bg2 Nf6 6.O-O O-O 7.c3 d5 8.Qe2 Bg4 9.h3
dxe4 10.dxe4 Bxf3 11.Qxf3 Ne5 12.Qe2 Qc7 13.Bf4 Nh5 14.Bxe5 Bxe5 15.Nd2 Rad8
16.Nc4 Bg7 17.Rad1 e6 18.Rxd8 Rxd8 19.Rd1 b5 20.Ne3 a6 21.Rxd8 Qxd8 22.Qd1 Qc7
23.Bf3 Nxg3 24.fxg3 Qxg3 25.Ng2 Be5 26.Bg4 Qh2 27.Kf1 Bg3 28.Qf3 h5 29.Bxe6 fxe6
30.e5 Qxh3 31.Qe4 Qf5 32.Qxf5 gxf5 33.Ke2 Bxe5 34.Kf3 Kg7 35.Nh4 Kh6 36.Ke3 Bg3
37.Nf3 h4 38.Ng1 Kh5 39.Kf3 e5 40.Kg2 Kg4 41.Nh3 f4 42.Ng1 e4 43.b3 b4 44.c4 a5
0-1

[Event "Cto. Navarra por Equipos - Primera A"]
[Site "?"]
[Date "2017.10.21"]
[Round "2"]
[White "Soler Huguet, Carlos Francisco"]
[Black "Abdula Boisteanu, Cristina"]
[Result "1-0"]
[WhiteElo "1777"]
[BlackElo "1301"]

1.b4 e5 2.Bb2 d6 3.e4 Nc6 4.a3 Nf6 5.Nc3 a6 6.Bc4 b5 7.Ba2 Bb7 8.Nge2 Be7 9.Ng3
Nd4 10.d3 d5 11.O-O O-O 12.Re1 dxe4 13.Ncxe4 Nxe4 14.Nxe4 Bxe4 15.Rxe4 Bf6
16.Rc1 Bg5 17.Rxe5 Bxc1 18.Bxc1 Re8 19.Re3 h6 20.Bb2 Qd6 21.Qg4 Rad8 22.Bxd4
Qxd4 23.Qxd4 Rxd4 24.Rxe8 Kh7 25.g3 f6 26.Re6 Rd7 27.Rxa6 Re7 28.Rc6 Kh8 29.Rc5
Re1 30.Kg2 Ra1 31.Bb3 Rxa3 32.Rxc7 Ra1 33.Rc5 Re1 34.Rxb5 Re7 35.Rc5 Rb7 36.c4
Rxb4 37.Rb5 Rxb5 38.cxb5 g5 39.b6 Kg7 40.b7 1-0

[Event "Cto. Navarra por Equipos - Primera A"]
[Site "?"]
[Date "2017.10.21"]
[Round "2"]
[White "San Miguel Lopez de Zubiria, Aroa"]
[Black "Saifi, Mourad"]
[Result "0-1"]
[WhiteElo "1217"]
[BlackElo "1775"]

1.e4 d5 2.exd5 Qxd5 3.Nc3 Qd6 4.Bc4 Nf6 5.Nf3 Bg4 6.h3 Bh5 7.d3 Nc6 8.Nb5 Qd7
9.c3 a6 10.Na3 e5 11.Qe2 O-O-O 12.O-O b5 13.Bb3 Qxd3 14.Qxd3 Rxd3 15.Ng5 Rd7
16.Re1 h6 17.Ne4 Nxe4 18.Rxe4 Bc5 19.Re1 Rhd8 20.Nb1 Bg6 21.a4 b4 22.cxb4 Bxb4
23.Nc3 Nd4 24.Bd1 Nc6 25.Bb3 Nd4 26.Bd1 Bc2 27.Rxe5 Bxd1 28.Nxd1 Nc6 29.Re4 Rxd1
30.Kh2 Bd2 31.Rc4 Ne5 32.Rc2 g5 33.b3 Bxc1 34.Raxc1 Rxc1 35.Rxc1 Rd3 36.Re1 f6
37.Rb1 Kd7 38.b4 c6 39.b5 cxb5 40.axb5 a5 41.Ra1 Nc4 42.Ra4 Rc3 43.Ra1 Kc7
44.Rb1 Kb6 45.g3 a4 46.Rb4 Ka5 47.b6 Nxb6 48.Rb1 a3 49.Ra1 Ka4 50.Kg1 Nc4 51.Kf1
Rc2 52.Ke1 Kb3 53.Rb1 Rb2 54.Rxb2 axb2 55.Kd1 b1=Q 0-1

[Event "Cto. Navarra por Equipos - Primera A"]
[Site "?"]
[Date "2017.10.21"]
[Round "2"]
[White "Rodes Martinez, Francisco Javier"]
[Black "Vicente Merino, Daniel"]
[Result "1-0"]
[WhiteElo "1667"]
[BlackElo "1187"]

1.b3 e5 2.Bb2 d6 3.e3 Nf6 4.Nf3 Nc6 5.Bb5 Bd7 6.Nc3 a6 7.Bxc6 Bxc6 8.d3 d5
9.Nxe5 Bd6 10.Nxc6 bxc6 11.O-O O-O 12.Ne2 Bxh2 13.Kh1 Bd6 14.g3 Re8 15.Kg2 Ng4
16.Nd4 g6 17.Qxg4 h5 18.Qh4 Be7 19.Qh3 Bf6 20.Nxc6 Qd6 21.Bxf6 Qxf6 22.Nd4 c5
23.Ne2 d4 24.e4 Kg7 25.Nf4 h4 26.Qxh4 g5 27.Nh5 Kg6 28.Nxf6 gxh4 29.Nxe8 Rxe8
30.gxh4 Rf8 31.Kh3 f5 32.exf5 Rxf5 33.Rg1 Kh6 34.Raf1 Rf3 35.Rg3 Rf4 36.f3 Kh5
37.Rg4 Rf5 38.Rg5 Rxg5 39.hxg5 Kxg5 40.Kg3 Kh5 41.Kf4 Kg6 42.Ke5 Kf7 43.f4 Ke7
44.f5 Kf7 45.Rg1 Kf8 46.Kf6 a5 47.Rh1 Kg8 48.Ke7 Kg7 49.f6 Kg8 50.f7 Kg7 51.f8=Q
Kg6 52.Rg1 Kh7 53.Qg7 1-0

[Event "Cto. Navarra por Equipos - Primera A"]
[Site "?"]
[Date "2017.10.21"]
[Round "2"]
[White "Tarragona Rebollo, Odei"]
[Black "Marques Jalle, Jose Antonio"]
[Result "0-1"]
[WhiteElo "1112"]
[BlackElo "1554"]

1.e4 c6 2.d4 d5 3.e5 Bf5 4.Nf3 e6 5.Bd3 Bxd3 6.Qxd3 Qa5 7.Nbd2 Qa6 8.Qxa6 Nxa6
9.c3 c5 10.O-O Ne7 11.dxc5 Nxc5 12.Nb3 Nc6 13.Nbd4 Nxd4 14.Nxd4 a6 15.f4 g6
16.g4 Bg7 17.b3 h5 18.g5 O-O 19.Ba3 Rfc8 20.Bxc5 Rxc5 21.Rac1 Rac8 22.Rf3 Bf8
23.b4 Rc4 24.Nb3 Bxb4 25.cxb4 Rxc1 26.Nxc1 Rxc1 27.Kg2 Kf8 28.Rf1 Rc2 29.Rf2 Rc4
30.a3 Ke7 31.Kf3 Rc3 32.Kg2 Rxa3 33.Rc2 Kd7 34.Kf1 Rb3 35.Ke2 Rxb4 36.Ke3 a5
37.Kd3 Rxf4 38.Rc5 b6 39.Rb5 Kc6 40.Rb2 b5 41.Rc2 Rc4 42.Rxc4 dxc4 43.Kc3 Kd5
44.Kb2 Kd4 45.Kc2 b4 46.Kd2 c3 47.Kc2 a4 48.Kc1 b3 49.h4 Kd3 50.Kd1 b2 51.Ke1
b1=Q 52.Kf2 c2 53.Kg2 c1=Q 54.Kh2 Qg1 0-1

[Event "Cto. Navarra por Equipos - Primera A"]
[Site "?"]
[Date "2017.10.21"]
[Round "2"]
[White "Sola Garate, Roberto"]
[Black "Oroz Carrasco, Adrian"]
[Result "1/2-1/2"]
[WhiteElo "1468"]
[BlackElo "1042"]

1.e4 c5 2.c3 Nc6 3.d4 e6 4.Nf3 d5 5.e5 Qb6 6.a3 f6 7.Be2 fxe5 8.dxe5 Nge7 9.Bd3
Bd7 10.O-O Nf5 11.Bxf5 exf5 12.Qxd5 Nd8 13.Rd1 Be6 14.Qd3 Be7 15.Nbd2 O-O 16.Nc4
Bxc4 17.Qxc4 Qe6 18.Qd5 Qxd5 19.Rxd5 Ne6 20.h4 Rad8 21.c4 Nd4 22.Nxd4 cxd4
23.Bg5 Bxg5 24.hxg5 f4 25.Rd1 Rfe8 26.R1xd4 Rxd5 27.Rxd5 Kf7 28.f3 Re7 29.Kh2
Kg6 30.g4 fxg3 31.Kxg3 Kxg5 32.f4 Kf5 33.Rd4 g5 34.fxg5 Kxg5 35.Rh4 Kf5 36.Rh5
Ke4 37.Kf2 Kd4 38.Kf3 Kxc4 39.Ke4 b5 40.b4 a6 41.Rh6 Rf7 42.Rxa6 Kb3 43.Rf6 Re7
44.e6 Kxa3 45.Kf5 Kxb4 46.Rf7 Re8 47.Rxh7 Ka3 48.Kf6 b4 49.Kf7 Ra8 50.e7 b3
51.Rh3 Ra7 52.Kf8 Ra8 53.Kf7 Ka2 54.e8=Q Rxe8 55.Kxe8 b2 56.Rh2 Ka1 57.Rxb2 Kxb2
1/2-1/2

[Event "Cto. Navarra por Equipos - Primera B"]
[Site "?"]
[Date "2017.10.21"]
[Round "2"]
[White "Pedchenko, Serhiy"]
[Black "Gilabert Pastor, Venancio"]
[Result "1-0"]
[WhiteElo "1469"]
[BlackElo "1190"]

1.e4 e5 2.c4 Nc6 3.Nc3 Nf6 4.g3 Bc5 5.h3 d6 6.Bg2 Nd4 7.Nge2 O-O 8.O-O Be6 9.d3
c6 10.a3 d5 11.b4 Nxe2 12.Nxe2 Bd4 13.Nxd4 exd4 14.exd5 cxd5 15.c5 Qd7 16.Kh2 b6
17.cxb6 axb6 18.Bb2 Qb5 19.Bxd4 Bf5 20.Bxf6 Bxd3 21.Bxg7 Kxg7 22.Qg4 Bg6 23.Qd4
Kg8 24.Qxd5 Qxd5 25.Bxd5 Rad8 26.Rfd1 Rfe8 27.Rd2 Kg7 28.Rad1 Re5 29.Bc6 Rxd2
30.Rxd2 Re1 31.Ra2 f6 32.a4 Bf7 33.Ra3 Rb1 34.a5 Rc1 35.Bf3 bxa5 36.bxa5 Rc7
37.a6 Ra7 38.Bb7 Bc4 39.f4 f5 40.g4 Kf6 41.Ra5 fxg4 42.hxg4 h6 43.Kg3 Bd3 44.Rc5
Kg7 45.Rc7 Kg6 46.Rc6 Kg7 47.Rb6 Bxa6 48.Bxa6 Re7 49.Rb7 Rxb7 50.Bxb7 Kf6 51.Kh4
Kg7 52.Kh5 Kh7 53.Be4 Kg7 54.Bd3 1-0

[Event "Cto. Navarra por Equipos - Primera B"]
[Site "?"]
[Date "2017.10.21"]
[Round "2"]
[White "Ayucar Nunez, Asier"]
[Black "Aguinaga Garijo, Daniel"]
[Result "0-1"]
[WhiteElo "1183"]
[BlackElo "1420"]

1.e4 c5 2.Nc3 Nc6 3.Bc4 g6 4.Nge2 Bg7 5.O-O Nf6 6.d3 O-O 7.Be3 d6 8.f4 Ng4 9.Qd2
Nxe3 10.Qxe3 Nd4 11.Nxd4 Bxd4 12.Qxd4 cxd4 13.Nd5 Be6 14.Rf3 Rc8 15.Bb3 Bxd5
16.exd5 Qb6 17.Rc1 a5 18.a4 Qb4 19.Rf2 b5 20.axb5 Qxb5 21.Bc4 Qxb2 22.Rff1 Ra8
23.Bb3 a4 24.Rb1 Qc3 25.Bc4 Rfb8 26.Rxb8 Rxb8 27.Rf2 Rb2 28.Kf1 f5 29.Re2 Rxc2
30.Rxc2 Qxc2 31.Ke1 a3 32.h4 a2 33.Bxa2 Qxa2 34.Kf1 Kf7 35.Kg1 e6 36.dxe6 Kxe6
37.Kh2 Qd2 38.Kg1 Qxd3 39.Kf2 Qe3 40.Kf1 d3 41.g4 d2 42.Kg2 d1=R 43.gxf5 Kxf5
44.h5 Rg1 45.Kh2 Qg3 0-1